[Event "AUT_2BO_200607"]
[Site "6 810Zwettl,4 511Bruck/L,2"]
[Date "2007.01.21"]
[Round "7"]
[Board "2"]
[White "Chytilek, Roman"]
[Black "Srienz, Christian"]
[Result "1-0"]
[WhiteElo "2394"]
[BlackElo "2241"]
[PlyCount "89"]
[EventDate "2006.10.06"]
[EventType "team"]
[EventRounds "11"]
[EventCountry "AUT"]
[WhiteTeam "SV Stockerau"]
[BlackTeam "SV Tschaturanga Neubau"]

1.Nf3 c5 2.c4 Nc6 3.Nc3 Nf6 4.d4 cxd4 5.Nxd4 e6 6.a3 a6 7.g3 d6 8.Bg2 Bd7 9.O-O
Qc7 10.b3 Be7 11.Bb2 O-O 12.Rc1 Qb6 13.Na4 Qc7 14.c5 d5 15.Nb6 Rad8 16.b4 Ne5
17.Nf3 Nc4 18.Nxc4 dxc4 19.Rxc4 Bc6 20.Qc2 Nd7 21.Rd1 Bd5 22.Rg4 f6 23.e4 Bc6
24.Nd4 Ne5 25.Rxg7+ Kh8 26.Nxe6 Ba4 27.Qxa4 Qc6 28.Qxc6 Rxd1+ 29.Bf1 Nxc6
30.Rxe7 Nxe7 31.Nxf8 Kg8 32.Ne6 Kf7 33.Nf4 Rb1 34.Bc3 Nc6 35.Kg2 Rc1 36.Nd5 Ne5
37.h3 Rc2 38.g4 Ng6 39.Bc4 Rc1 40.Nxf6+ Kf8 41.Nxh7+ Ke8 42.Nf6+ Kd8 43.Nd5 Nf4+
44.Nxf4 Rxc3 45.Bd5

[Event "AUT_2BO_200607"]
[Site "6 810Zwettl,4 511Bruck/L,2"]
[Date "2007.01.21"]
[Round "7"]
[Board "3"]
[White "Kleiser, Gregor"]
[Black "Groetz, Harald"]
[Result "1-0"]
[WhiteElo "2276"]
[BlackElo "2399"]
[PlyCount "75"]
[EventDate "2006.10.06"]
[EventType "team"]
[EventRounds "11"]
[EventCountry "AUT"]
[WhiteTeam "SV Tschaturanga Neubau"]
[BlackTeam "SV Stockerau"]

1.d4 d5 2.c4 c6 3.cxd5 cxd5 4.Bf4 Nc6 5.Nc3 Nf6 6.Rc1 g6 7.e3 a6 8.Bd3 Bg7 9.h3
Qa5 10.Nf3 Ne4 11.Qa4 Nc5 12.Qxa5 Nxd3+ 13.Kd2 Nxa5 14.Kxd3 Be6 15.Na4 Rc8
16.Rxc8+ Bxc8 17.Rc1 Nc6 18.Nb6 Be6 19.Ke2 f6 20.Rc5 Bf8 21.Na8 Bf7 22.Rc3 e6
23.Rb3 Na5 24.Rc3 Nc6 25.Nb6 Be7 26.Nc8 Bb4 27.Rb3 Kd7 28.Nd6 Ke7 29.Nxf7 Kxf7
30.a3 g5 31.Bg3 Be7 32.Rxb7 Na5 33.Rc7 Nc4 34.b3 Na5 35.Bd6 Re8 36.Nd2 Kf8
37.Bb4 Bxb4 38.axb4

[Event "AUT_2BO_200607"]
[Site "6 810Zwettl,4 511Bruck/L,2"]
[Date "2007.01.21"]
[Round "7"]
[Board "4"]
[White "Batyte, Daiva"]
[Black "Ernst, Michael"]
[Result "1-0"]
[WhiteElo "2209"]
[BlackElo "2177"]
[PlyCount "29"]
[EventDate "2006.10.06"]
[EventType "team"]
[EventRounds "11"]
[EventCountry "AUT"]
[WhiteTeam "SV Stockerau"]
[BlackTeam "SV Tschaturanga Neubau"]

1.g3 d5 2.Bg2 e5 3.b3 Nf6 4.Bb2 Bd6 5.c4 c6 6.d3 h6 7.Nd2 O-O 8.Ngf3 Qe7 9.O-O
Bf5 10.Rc1 Nbd7 11.cxd5 cxd5 12.e4 dxe4 13.dxe4 Bh7 14.Nc4 Nxe4 15.Nxd6

[Event "AUT_2BO_200607"]
[Site "6 810Zwettl,4 511Bruck/L,2"]
[Date "2007.01.21"]
[Round "7"]
[Board "5"]
[White "Ponjican, Erich"]
[Black "Wiedermann, Franz"]
[Result "1-0"]
[WhiteElo "2125"]
[BlackElo "2119"]
[PlyCount "63"]
[EventDate "2006.10.06"]
[EventType "team"]
[EventRounds "11"]
[EventCountry "AUT"]
[WhiteTeam "SV Tschaturanga Neubau"]
[BlackTeam "SV Stockerau"]

1.e4 d5 2.exd5 Qxd5 3.Nc3 Qa5 4.d4 c6 5.Nf3 Bf5 6.Ne5 Nf6 7.Bc4 e6 8.O-O Nbd7
9.Qe2 Bb4 10.Bb3 Nxe5 11.dxe5 Ng4 12.Bf4 Bxc3 13.bxc3 O-O 14.h3 Nh6 15.Qe3 Bg6
16.g4 Kh8 17.Rad1 Rfd8 18.Bg5 Rxd1 19.Rxd1 Qc7 20.Rd6 Ng8 21.Qd4 c5 22.Qa4 h6
23.Bh4 Nf6 24.Bxf6 gxf6 25.Qf4 Kh7 26.Qxf6 Rg8 27.Bc4 Bxc2 28.Bxe6 fxe6 29.Rxe6
Rg7 30.Qxh6+ Kg8 31.Re8+ Kf7 32.Qe6#

[Event "AUT_2BO_200607"]
[Site "6 810Zwettl,4 511Bruck/L,2"]
[Date "2007.01.21"]
[Round "7"]
[Board "1"]
[White "Rudolf, Herbert"]
[Black "Hangweyrer, Manfred"]
[Result "0-1"]
[WhiteElo "2216"]
[BlackElo "2389"]
[PlyCount "62"]
[EventDate "2006.10.06"]
[EventType "team"]
[EventRounds "11"]
[EventCountry "AUT"]
[WhiteTeam "ASVOe Wulkaprodersdorf"]
[BlackTeam "Austria Wien"]

1.Nf3 Nf6 2.c4 e6 3.g3 d5 4.Bg2 Be7 5.O-O O-O 6.b3 c5 7.Bb2 Nc6 8.e3 Qd7 9.Qe2
Rd8 10.cxd5 Nxd5 11.d4 cxd4 12.Nxd4 Nxd4 13.Bxd4 b6 14.Nc3 Bb7 15.Nxd5 Bxd5
16.Qg4 Bf8 17.Bxd5 Qxd5 18.Rfd1 Qb7 19.Rac1 Rd5 20.Bb2 Rad8 21.Rxd5 Qxd5 22.Qd4
Qa8 23.Qc3 Qf3 24.a4 h5 25.h4 Rd5 26.Re1 a5 27.Qc6 Bb4 28.Rf1 Bd6 29.Qc8+ Kh7
30.Qc4 Bxg3 31.Qc2+ Rf5

[Event "AUT_2BO_200607"]
[Site "6 810Zwettl,4 511Bruck/L,2"]
[Date "2007.01.21"]
[Round "7"]
[Board "2"]
[White "Plachetka, Jan"]
[Black "Kremsner, Andreas"]
[Result "1-0"]
[WhiteElo "2402"]
[BlackElo "2214"]
[PlyCount "72"]
[EventDate "2006.10.06"]
[EventType "team"]
[EventRounds "11"]
[EventCountry "AUT"]
[WhiteTeam "Austria Wien"]
[BlackTeam "ASVOe Wulkaprodersdorf"]

1.d4 Nf6 2.c4 g6 3.Nc3 Bg7 4.e4 d6 5.f3 O-O 6.Nge2 e5 7.dxe5 dxe5 8.Qxd8 Rxd8
9.Nd5 Nxd5 10.cxd5 c6 11.Nc3 h6 12.Be3 cxd5 13.Nxd5 Nc6 14.Rc1 Bd7 15.Kf2 Rac8
16.Bb5 Kh7 17.Rhd1 Be6 18.Bxc6 Rxc6 19.Bxa7 Bxd5 20.exd5 Rxc1 21.Rxc1 Rxd5
22.Be3 e4 23.Rc7 Ra5 24.Rxf7 Kg8 25.Rxb7 Rxa2 26.Bc1 Bd4+ 27.Ke2 Be5 28.fxe4
Bxh2 29.Kf3 Be5 30.b4 h5 31.b5 Ra1 32.Be3 Ra3 33.Rd7 Rb3 34.b6 Kf8 35.Ke2 Rb2+
36.Rd2 Rb4

[Event "AUT_2BO_200607"]
[Site "6 810Zwettl,4 511Bruck/L,2"]
[Date "2007.01.21"]
[Round "7"]
[Board "3"]
[White "Steinwender, Peter"]
[Black "Pokorna, Regina"]
[Result "0-1"]
[WhiteElo "2111"]
[BlackElo "2342"]
[PlyCount "84"]
[EventDate "2006.10.06"]
[EventType "team"]
[EventRounds "11"]
[EventCountry "AUT"]
[WhiteTeam "ASVOe Wulkaprodersdorf"]
[BlackTeam "Austria Wien"]

1.e4 e5 2.Nf3 Nc6 3.Bb5 a6 4.Bxc6 dxc6 5.d4 exd4 6.Qxd4 Qxd4 7.Nxd4 Bd7 8.Nc3
O-O-O 9.Be3 c5 10.Nde2 Bc6 11.O-O Re8 12.f3 b6 13.Kf2 Ne7 14.Rad1 Ng6 15.Nd5 Kb7
16.Nef4 Ne5 17.Nd3 Nxd3+ 18.Rxd3 Bb5 19.Bf4 Bxd3 20.cxd3 c6 21.Ne3 b5 22.Rc1 Rd8
23.Ke2 f6 24.h4 g6 25.Ng4 Be7 26.g3 a5 27.h5 a4 28.Be3 Kb6 29.Rh1 b4 30.h6 Rd7
31.f4 Rhd8 32.Nf2 Bf8 33.Rc1 Kb5 34.Rc2 f5 35.e5 Rd5 36.Rc1 R8d7 37.Rh1 c4
38.dxc4+ Kxc4 39.g4 Kb5 40.g5 c5 41.Rd1 Rxd1 42.Nxd1 c4

[Event "AUT_2BO_200607"]
[Site "6 810Zwettl,4 511Bruck/L,2"]
[Date "2007.01.21"]
[Round "7"]
[Board "4"]
[White "Staudner, Oliver"]
[Black "Pallitsch, Clemens"]
[Result "1-0"]
[WhiteElo "2391"]
[BlackElo "1983"]
[PlyCount "55"]
[EventDate "2006.10.06"]
[EventType "team"]
[EventRounds "11"]
[EventCountry "AUT"]
[WhiteTeam "Austria Wien"]
[BlackTeam "ASVOe Wulkaprodersdorf"]

1.e4 c6 2.d4 d5 3.e5 Bf5 4.c3 e6 5.Be3 Nd7 6.f4 Rc8 7.Nf3 Ne7 8.Nbd2 c5 9.dxc5
Nxc5 10.Nb3 Nd7 11.Nbd4 Bg4 12.Bd3 Nc6 13.O-O Bc5 14.Qd2 a6 15.Rae1 Qb6 16.b4
Bxd4 17.Nxd4 Nxd4 18.Bxd4 Qc6 19.Re3 Bh5 20.f5 exf5 21.Bxf5 Kd8 22.e6 fxe6
23.Rxe6 Qa4 24.Qg5+ Kc7 25.Qg3+ Kd8 26.Qxg7 Re8 27.Bf6+ Kc7 28.Qg3+

[Event "AUT_2BO_200607"]
[Site "6 810Zwettl,4 511Bruck/L,2"]
[Date "2007.01.21"]
[Round "7"]
[Board "5"]
[White "Heiny, Michael"]
[Black "Vokroj, Rene"]
[Result "0-1"]
[WhiteElo "1894"]
[BlackElo "2330"]
[PlyCount "55"]
[EventDate "2006.10.06"]
[EventType "team"]
[EventRounds "11"]
[EventCountry "AUT"]
[WhiteTeam "ASVOe Wulkaprodersdorf"]
[BlackTeam "Austria Wien"]

1.d4 Nc6 2.Nf3 d6 3.g3 Bg4 4.Bg2 Qd7 5.O-O Bh3 6.c4 Bxg2 7.Kxg2 Nf6 8.Nc3 g6
9.e4 e5 10.dxe5 Nxe5 11.Nxe5 dxe5 12.Qxd7+ Nxd7 13.Be3 Bc5 14.Bxc5 Nxc5 15.Rad1
c6 16.f4 Ke7 17.Kf3 Rad8 18.Ke3 f6 19.fxe5 fxe5 20.Rxd8 Rxd8 21.Rd1 Rf8 22.Ne2
Ne6 23.b4 a5 24.a3 axb4 25.axb4 Ra8 26.Rd3 Ra4 27.Rb3 Ra2 28.h4

[Event "AUT_2BO_200607"]
[Site "6 810Zwettl,4 511Bruck/L,2"]
[Date "2007.01.21"]
[Round "7"]
[Board "1"]
[White "Varga, Zoltan"]
[Black "Schlosser, Michael"]
[Result "1-0"]
[WhiteElo "2508"]
[BlackElo "2335"]
[PlyCount "87"]
[EventDate "2006.10.06"]
[EventType "team"]
[EventRounds "11"]
[EventCountry "AUT"]
[WhiteTeam "ASVOe SK Lackenbach"]
[BlackTeam "Aljechin/Wieden"]

1.d4 Nf6 2.c4 c5 3.Nf3 e6 4.Nc3 a6 5.e4 cxd4 6.Nxd4 Qc7 7.Bd3 Nc6 8.Be3 Ne5 9.h3
Nxc4 10.Bxc4 Qxc4 11.Rc1 d5 12.Nxd5 Bb4+ 13.Bd2 Qxd4 14.Qa4+ Bd7 15.Nc7+ Kd8
16.Qxb4 Qxb4 17.Bxb4 Rc8 18.Ba5 Nxe4 19.Nxe6+ Ke7 20.Nc7 Bb5 21.Rd1 Bc6 22.O-O
Rhd8 23.Rxd8 Rxd8 24.Re1 Kf6 25.f3 Nc5 26.Nxa6 Rd5 27.Bc3+ Kg6 28.Nb4 Rg5
29.Nxc6 bxc6 30.Re5 Rxe5 31.Bxe5 f6 32.Bd4 Na6 33.Kf2 Kf5 34.g4+ Ke6 35.f4 Kd5
36.Bc3 Ke4 37.f5 h5 38.Kg3 hxg4 39.hxg4 Nc5 40.Kh4 Nd3 41.a4 Kd5 42.a5 Kc5 43.g5
Kb5 44.g6

[Event "AUT_2BO_200607"]
[Site "6 810Zwettl,4 511Bruck/L,2"]
[Date "2007.01.21"]
[Round "7"]
[Board "2"]
[White "Pachta, Paul"]
[Black "Hagara, Eduard"]
[Result "1-0"]
[WhiteElo "2300"]
[BlackElo "2383"]
[PlyCount "67"]
[EventDate "2006.10.06"]
[EventType "team"]
[EventRounds "11"]
[EventCountry "AUT"]
[WhiteTeam "Aljechin/Wieden"]
[BlackTeam "ASVOe SK Lackenbach"]

1.d4 Nf6 2.Nf3 g6 3.c4 Bg7 4.Nc3 d6 5.g3 O-O 6.Bg2 Nbd7 7.O-O c6 8.e4 e5 9.h3
Re8 10.Be3 exd4 11.Nxd4 Nc5 12.Qc2 a5 13.Rad1 Nfd7 14.b3 Qe7 15.Rfe1 Qf8 16.a3
Bh6 17.f4 Nf6 18.Bf2 Ne6 19.Na4 Nxd4 20.Rxd4 d5 21.cxd5 cxd5 22.Nb6 Rb8 23.Qc7
Bxh3 24.Bxh3 Nxe4 25.Nxd5 f5 26.Bg2 Nxf2 27.Ne7+ Kh8 28.Kxf2 Qf6 29.Rd7 Bg7
30.Re5 g5 31.Rd6 Qf7 32.Ree6 gxf4 33.Ng6+ Kg8 34.Rxe8+

[Event "AUT_2BO_200607"]
[Site "6 810Zwettl,4 511Bruck/L,2"]
[Date "2007.01.21"]
[Round "7"]
[Board "3"]
[White "Vajda, Szidonia"]
[Black "Hodisch, Juri"]
[Result "1/2-1/2"]
[WhiteElo "2401"]
[BlackElo "2349"]
[PlyCount "45"]
[EventDate "2006.10.06"]
[EventType "team"]
[EventRounds "11"]
[EventCountry "AUT"]
[WhiteTeam "ASVOe SK Lackenbach"]
[BlackTeam "Aljechin/Wieden"]

1.e4 c6 2.d4 d5 3.exd5 cxd5 4.c4 Nf6 5.Nc3 Nc6 6.Nf3 Bg4 7.cxd5 Nxd5 8.Qb3 Bxf3
9.gxf3 e6 10.Qxb7 Nxd4 11.Bb5+ Nxb5 12.Qc6+ Ke7 13.Qxb5 Qd7 14.Nxd5+ Qxd5
15.Bg5+ f6 16.Qxd5 exd5 17.Be3 Ke6 18.O-O-O Bb4 19.a3 Rhc8+ 20.Kb1 Bc5 21.Rhe1
Bxe3 22.Rxe3+ Kd6 23.Rde1

[Event "AUT_2BO_200607"]
[Site "6 810Zwettl,4 511Bruck/L,2"]
[Date "2007.01.21"]
[Round "7"]
[Board "4"]
[White "Vitouch, Anatol"]
[Black "Stranz, Richard"]
[Result "1/2-1/2"]
[WhiteElo "2208"]
[BlackElo "2217"]
[PlyCount "34"]
[EventDate "2006.10.06"]
[EventType "team"]
[EventRounds "11"]
[EventCountry "AUT"]
[WhiteTeam "Aljechin/Wieden"]
[BlackTeam "ASVOe SK Lackenbach"]

1.Nf3 c5 2.b3 Nf6 3.Bb2 e6 4.g3 b6 5.Bg2 Bb7 6.O-O Be7 7.c4 O-O 8.e3 Qc8 9.Nc3
d5 10.Qe2 dxc4 11.bxc4 Ne4 12.Nxe4 Bxe4 13.d3 Bc6 14.Rfd1 Nd7 15.Rac1 Qb7 16.d4
Rad8 17.Rd2 Nf6

[Event "AUT_2BO_200607"]
[Site "6 810Zwettl,4 511Bruck/L,2"]
[Date "2007.01.21"]
[Round "7"]
[Board "5"]
[White "Kocsisek, Marcus"]
[Black "Goetz, Alexander"]
[Result "1/2-1/2"]
[WhiteElo "2216"]
[BlackElo "2172"]
[PlyCount "40"]
[EventDate "2006.10.06"]
[EventType "team"]
[EventRounds "11"]
[EventCountry "AUT"]
[WhiteTeam "ASVOe SK Lackenbach"]
[BlackTeam "Aljechin/Wieden"]

1.d4 Nf6 2.Nf3 g6 3.e3 Bg7 4.Bd3 O-O 5.O-O d6 6.b3 Nbd7 7.Bb2 e5 8.Nbd2 Re8
9.dxe5 dxe5 10.e4 b6 11.Qe2 Bb7 12.Rad1 Nh5 13.g3 Qe7 14.Bb5 c6 15.Ba6 Bxa6
16.Qxa6 Nc5 17.Qe2 Rad8 18.Ba3 Bf8 19.Nc4 f6 20.Ne3 Qe6

[Event "AUT_2BO_200607"]
[Site "6 810Zwettl,4 511Bruck/L,2"]
[Date "2007.01.21"]
[Round "7"]
[Board "6"]
[White "Wirius, Johannes"]
[Black "Galavics, Hermann"]
[Result "1/2-1/2"]
[WhiteElo "2188"]
[BlackElo "2098"]
[PlyCount "41"]
[EventDate "2006.10.06"]
[EventType "team"]
[EventRounds "11"]
[EventCountry "AUT"]
[WhiteTeam "Aljechin/Wieden"]
[BlackTeam "ASVOe SK Lackenbach"]

1.e4 e6 2.d4 d5 3.e5 c5 4.c3 Nc6 5.Nf3 Qb6 6.Bd3 Bd7 7.dxc5 Bxc5 8.O-O Qc7 9.Bf4
h6 10.b4 Bb6 11.Na3 a6 12.Rc1 Qb8 13.Qe2 Nge7 14.b5 axb5 15.Nxb5 O-O 16.c4 f5
17.h4 Nb4 18.Bb1 Bxb5 19.cxb5 Qa7 20.Bd2 Qa4 21.Be3

[Event "AUT_2BO_200607"]
[Site "6 810Zwettl,4 511Bruck/L,2"]
[Date "2007.01.21"]
[Round "7"]
[Board "2"]
[White "Neumeier, Klaus"]
[Black "Roehrl, Karl"]
[Result "1/2-1/2"]
[WhiteElo "2289"]
[BlackElo "2307"]
[PlyCount "35"]
[EventDate "2006.10.06"]
[EventType "team"]
[EventRounds "11"]
[EventCountry "AUT"]
[WhiteTeam "SPG Data Technology Eichgraben/Pressbaum"]
[BlackTeam "St POelten"]

1.e4 c5 2.Nf3 e6 3.b3 b6 4.d4 cxd4 5.Nxd4 a6 6.Bb2 Bb7 7.Bd3 d6 8.c4 Nf6 9.Nc3
Nbd7 10.Qe2 Qc7 11.Rd1 Be7 12.O-O O-O 13.Bb1 g6 14.f4 e5 15.Nc2 exf4 16.Rxf4
Rae8 17.Ne3 d5 18.Rdf1

[Event "AUT_2BO_200607"]
[Site "6 810Zwettl,4 511Bruck/L,2"]
[Date "2007.01.21"]
[Round "7"]
[Board "3"]
[White "Winiwarter, Felix"]
[Black "Weissenbeck, Manuel"]
[Result "1/2-1/2"]
[WhiteElo "2181"]
[BlackElo "2247"]
[PlyCount "84"]
[EventDate "2006.10.06"]
[EventType "team"]
[EventRounds "11"]
[EventCountry "AUT"]
[WhiteTeam "St POelten"]
[BlackTeam "SPG Data Technology Eichgraben/Pressbaum"]

1.d4 Nf6 2.c4 e6 3.Nc3 Bb4 4.e3 O-O 5.Bd3 c5 6.Nge2 d5 7.O-O Nc6 8.a3 Bxc3
9.bxc3 dxc4 10.Bxc4 b6 11.f3 Na5 12.Bd3 Qc7 13.e4 e5 14.d5 c4 15.Bc2 Ba6 16.Be3
Nb3 17.Ra2 Nc5 18.Kh1 Nd3 19.Nc1 Rac8 20.Bb1 Nd7 21.g4 N7c5 22.h4 Qe7 23.h5 Rfd8
24.Rg1 g5 25.hxg6 fxg6 26.Rh2 Rf8 27.Rg3 Rf7 28.Nxd3 Nxd3 29.Qa4 Qb7 30.Ba2 b5
31.Qd1 Qe7 32.Bb1 Nc5 33.d6 Qe6 34.Rgh3 Nd7 35.Bg5 Bb7 36.Be7 Bc6 37.Kg2 Nf8
38.Qh1 Qd7 39.Bc2 Rxe7 40.dxe7 Qd2+ 41.Kg3 Qf4+ 42.Kg2 Qd2+

[Event "AUT_2BO_200607"]
[Site "6 810Zwettl,4 511Bruck/L,2"]
[Date "2007.01.21"]
[Round "7"]
[Board "5"]
[White "Sekyra, Michael"]
[Black "Hechl, Gerald"]
[Result "0-1"]
[WhiteElo "2113"]
[BlackElo "2219"]
[PlyCount "128"]
[EventDate "2006.10.06"]
[EventType "team"]
[EventRounds "11"]
[EventCountry "AUT"]
[WhiteTeam "St POelten"]
[BlackTeam "SPG Data Technology Eichgraben/Pressbaum"]

1.e4 c5 2.Nf3 e6 3.d4 cxd4 4.Nxd4 Bc5 5.Nb3 Bb6 6.Bf4 Qf6 7.Qf3 g5 8.Bd2 Qxf3
9.gxf3 h6 10.h4 gxh4 11.Bc3 Rh7 12.Rxh4 Ne7 13.Bd3 Ng6 14.e5 Nxh4 15.Bxh7 Nxf3+
16.Ke2 Ng1+ 17.Kd3 Nh3 18.N1d2 d5 19.exd6 Bd7 20.Ne4 Nxf2+ 21.Nxf2 Bxf2 22.Rh1
Bb5+ 23.Kd2 Bg3 24.Rg1 Bf4+ 25.Kd1 Bg5 26.Nc5 Nd7 27.Ne4 O-O-O 28.Nxg5 hxg5
29.Rxg5 f5 30.Bg8 Nc5 31.Be5 Bd7 32.Rg6 Be8 33.Rg5 a5 34.Ke2 Bb5+ 35.Ke3 Kb8
36.Kf4 Ka8 37.Rg6 Bc4 38.b3 Bd5 39.Bf7 b6 40.Kg5 Ne4+ 41.Kf4 Nc5 42.Ke3 Be4
43.c3 f4+ 44.Kxf4 Bxg6 45.Bxg6 Rf8+ 46.Ke3 Nd7 47.Bg7 Rg8 48.Be4+ Kb8 49.Bh6
Rg3+ 50.Kd4 Rg4 51.Ke3 Kc8 52.b4 Nf6 53.Bf3 Nd5+ 54.Kd2 Rg3 55.Bxd5 exd5 56.Be3
Rg2+ 57.Kd3 Rxa2 58.Bxb6 a4 59.c4 Rb2 60.b5 a3 61.Bd4 Rb3+ 62.Kc2 dxc4 63.b6 a2
64.Bf6 Rxb6

[Event "AUT_2BO_200607"]
[Site "6 810Zwettl,4 511Bruck/L,2"]
[Date "2007.01.21"]
[Round "7"]
[Board "6"]
[White "Hudec, Marcus"]
[Black "Sturzeis, Roman"]
[Result "1-0"]
[WhiteElo "2072"]
[BlackElo "2087"]
[PlyCount "95"]
[EventDate "2006.10.06"]
[EventType "team"]
[EventRounds "11"]
[EventCountry "AUT"]
[WhiteTeam "SPG Data Technology Eichgraben/Pressbaum"]
[BlackTeam "St POelten"]

1.e4 c5 2.Nf3 Nc6 3.d4 cxd4 4.Nxd4 Nf6 5.Nc3 e5 6.Ndb5 d6 7.Bg5 a6 8.Na3 b5
9.Bxf6 gxf6 10.Nd5 Bg7 11.Bd3 Ne7 12.Qh5 Bb7 13.Rd1 Rc8 14.c3 Rc5 15.Nxe7 Kxe7
16.Nc2 Bc8 17.Ne3 Be6 18.O-O Qa8 19.Rfe1 a5 20.Rd2 a4 21.Red1 Bf8 22.Nf5+ Bxf5
23.Qxf5 Bh6 24.Bxb5 Bxd2 25.Qd7+ Kf8 26.Qxd6+ Kg7 27.Qxc5 Qxe4 28.Bc6 Qc2
29.Bxa4 Qxb2 30.Bb3 Bxc3 31.Qc4 Rf8 32.Qg4+ Kh8 33.Qf5 e4 34.Qxe4 f5 35.Qxf5 Bb4
36.h3 Qg7 37.Rd7 Qg6 38.Qd5 f6 39.Qc4 Be1 40.Rd3 Qf5 41.Rf3 Qe5 42.Rg3 Qb8
43.Qg4 Bxf2+ 44.Kxf2 Qb6+ 45.Kf1 Qb5+ 46.Kg1 Qc5+ 47.Kh2 Qc7 48.h4

[Event "AUT_2BO_200607"]
[Site "6 810Zwettl,4 511Bruck/L,2"]
[Date "2007.01.21"]
[Round "7"]
[Board "1"]
[White "Timoscenko, Gennadij"]
[Black "Blatny, Pavel"]
[Result "1-0"]
[WhiteElo "2495"]
[BlackElo "2447"]
[PlyCount "65"]
[EventDate "2006.10.06"]
[EventType "team"]
[EventRounds "11"]
[EventCountry "AUT"]
[WhiteTeam "1 Wr NeustAedter SV"]
[BlackTeam "SK Zwettl"]

1.d4 b6 2.c4 e6 3.a3 c5 4.d5 e5 5.e4 d6 6.Nc3 g6 7.h4 h5 8.g3 Bh6 9.Bh3 Kf8
10.a4 Bxc1 11.Qxc1 a5 12.Bxc8 Qxc8 13.f4 Qg4 14.Qe3 Nd7 15.Kd2 Re8 16.Rf1 exf4
17.gxf4 f5 18.Nf3 Ngf6 19.Ng5 fxe4 20.Rhg1 Qf5 21.Ne6+ Rxe6 22.dxe6 Qxe6 23.b3
Kf7 24.Rg5 Re8 25.f5 gxf5 26.Rgxf5 Ke7 27.Rxf6 Nxf6 28.Qg5 e3+ 29.Ke1 Qe5
30.Nd5+ Kd7 31.Nxf6+ Kc8 32.Qxe5 Rxe5 33.Ke2

[Event "AUT_2BO_200607"]
[Site "6 810Zwettl,4 511Bruck/L,2"]
[Date "2007.01.21"]
[Round "7"]
[Board "2"]
[White "Holemar, David"]
[Black "Schroll, Gerhard"]
[Result "1/2-1/2"]
[WhiteElo "2270"]
[BlackElo "2377"]
[PlyCount "52"]
[EventDate "2006.10.06"]
[EventType "team"]
[EventRounds "11"]
[EventCountry "AUT"]
[WhiteTeam "SK Zwettl"]
[BlackTeam "1 Wr NeustAedter SV"]

1.d4 f5 2.h3 d5 3.g4 fxg4 4.hxg4 Bxg4 5.Qd3 Nf6 6.f3 Bh5 7.e4 Nc6 8.e5 Bg6 9.Qd2
Ng8 10.Bd3 Nh6 11.Bxg6+ hxg6 12.Qd3 e6 13.Qxg6+ Kd7 14.Bg5 Be7 15.Bxh6 Rxh6
16.Rxh6 gxh6 17.Ne2 Qf8 18.f4 Bh4+ 19.Kd2 Ne7 20.Qh7 Qg8 21.Qxh6 Nf5 22.Qh5 Qg2
23.Nbc3 Nxd4 24.Rd1 Rf8 25.Kc1 Nf5 26.Nb5 Be7

[Event "AUT_2BO_200607"]
[Site "6 810Zwettl,4 511Bruck/L,2"]
[Date "2007.01.21"]
[Round "7"]
[Board "3"]
[White "Steiner, Bruno"]
[Black "Vyskocil, Neklan"]
[Result "0-1"]
[WhiteElo "2259"]
[BlackElo "2374"]
[PlyCount "66"]
[EventDate "2006.10.06"]
[EventType "team"]
[EventRounds "11"]
[EventCountry "AUT"]
[WhiteTeam "1 Wr NeustAedter SV"]
[BlackTeam "SK Zwettl"]

1.d4 Nf6 2.Bg5 g6 3.Nd2 Bg7 4.e4 d6 5.c3 O-O 6.Bd3 e5 7.dxe5 dxe5 8.Bc4 Nbd7
9.Ngf3 h6 10.Bxf6 Qxf6 11.O-O Nc5 12.Re1 Ne6 13.g3 Rd8 14.Qc2 h5 15.Be2 Ng5
16.Nxg5 Qxg5 17.Nc4 h4 18.Rad1 Be6 19.Qb3 b6 20.Qb5 Bf6 21.Ne3 Be7 22.Bc4 Bxc4
23.Nxc4 hxg3 24.hxg3 Bc5 25.Kg2 Qf6 26.f3 c6 27.Qb3 Kg7 28.Rxd8 Rxd8 29.Rd1 Rh8
30.Na3 g5 31.Rd7 g4 32.c4 gxf3+ 33.Qxf3 Rh2+

[Event "AUT_2BO_200607"]
[Site "6 810Zwettl,4 511Bruck/L,2"]
[Date "2007.01.21"]
[Round "7"]
[Board "4"]
[White "Janetschek, Karl"]
[Black "Posch, Werner"]
[Result "1/2-1/2"]
[WhiteElo "2289"]
[BlackElo "2225"]
[PlyCount "32"]
[EventDate "2006.10.06"]
[EventType "team"]
[EventRounds "11"]
[EventCountry "AUT"]
[WhiteTeam "SK Zwettl"]
[BlackTeam "1 Wr NeustAedter SV"]

1.e4 Nf6 2.e5 Nd5 3.d4 d6 4.Nf3 c6 5.c4 Nc7 6.Nc3 dxe5 7.Nxe5 g6 8.Be3 Bg7 9.f4
O-O 10.g3 f6 11.Nf3 Bg4 12.Bg2 e5 13.dxe5 Qxd1+ 14.Nxd1 Bxf3 15.Bxf3 fxe5 16.O-O
exf4

[Event "AUT_2BO_200607"]
[Site "6 810Zwettl,4 511Bruck/L,2"]
[Date "2007.01.21"]
[Round "7"]
[Board "5"]
[White "Todor, Razvan"]
[Black "Lipp, Alfred"]
[Result "1/2-1/2"]
[WhiteElo "2185"]
[BlackElo "2174"]
[PlyCount "47"]
[EventDate "2006.10.06"]
[EventType "team"]
[EventRounds "11"]
[EventCountry "AUT"]
[WhiteTeam "1 Wr NeustAedter SV"]
[BlackTeam "SK Zwettl"]

1.e4 c5 2.Nf3 d6 3.d4 cxd4 4.Nxd4 Nf6 5.Nc3 g6 6.Be2 Bg7 7.O-O O-O 8.Bg5 Nc6
9.Nb3 Be6 10.Kh1 Rc8 11.f4 a6 12.a4 h6 13.Bh4 Qc7 14.f5 Bxb3 15.cxb3 g5 16.Bf2
Qa5 17.Re1 Nd7 18.Rc1 Be5 19.Nd5 Kg7 20.Bg4 Bf6 21.Rc2 Nce5 22.Be2 Rc6 23.Rxc6
Nxc6 24.Nxf6

[Event "AUT_2BO_200607"]
[Site "6 810Zwettl,4 511Bruck/L,2"]
[Date "2007.01.21"]
[Round "7"]
[Board "6"]
[White "Stadler, Peter"]
[Black "Wiedner, Robert"]
[Result "0-1"]
[WhiteElo "2113"]
[BlackElo "2130"]
[PlyCount "96"]
[EventDate "2006.10.06"]
[EventType "team"]
[EventRounds "11"]
[EventCountry "AUT"]
[WhiteTeam "SK Zwettl"]
[BlackTeam "1 Wr NeustAedter SV"]

1.d4 Nf6 2.Nf3 b5 3.c3 e6 4.Qb3 c6 5.Nbd2 d5 6.Ne5 Bd6 7.a4 Qa5 8.Ra2 b4 9.e4
O-O 10.Nxf7 Rxf7 11.e5 Ng4 12.exd6 Nxf2 13.Rg1 Ba6 14.Nf3 Bxf1 15.Rxf1 Nd3+
16.Kd2 Qa6 17.Rd1 Nf2 18.cxb4 Nxd1 19.b5 cxb5 20.axb5 Qxd6 21.Kxd1 Nd7 22.Bd2
Nb6 23.Ne5 Rf1+ 24.Ke2 Qf8 25.Nf3 Nc4 26.Bb4 Rxf3 27.gxf3 Qf4 28.Be1 Qxh2+
29.Bf2 Qc7 30.Qd3 Nb6 31.Qc3 Qf7 32.b3 Rc8 33.Qd3 Qc7 34.Be1 Nd7 35.Kf1 Nf8
36.Bb4 Qg3 37.Qe3 Qh3+ 38.Kg1 Ng6 39.Rh2 Qf5 40.Bc5 Rb8 41.b4 Rxb5 42.Qa3 a5
43.Re2 h5 44.bxa5 Nf4 45.Rb2 Qh3 46.Bd6 Ne2+ 47.Rxe2 Rb1+ 48.Kf2 Rf1+

[Event "AUT_2BO_200607"]
[Site "6 810Zwettl,4 511Bruck/L,2"]
[Date "2007.03.10"]
[Round "8"]
[Board "1"]
[White "Papp, Gabor"]
[Black "Blatny, Pavel"]
[Result "1/2-1/2"]
[WhiteElo "2466"]
[BlackElo "2447"]
[PlyCount "72"]
[EventDate "2006.10.06"]
[EventType "team"]
[EventRounds "11"]
[EventCountry "AUT"]
[WhiteTeam "ASVOe SK Mattersburg"]
[BlackTeam "SK Zwettl"]

1.e4 g6 2.d4 c6 3.Nc3 d5 4.e5 h5 5.f4 Nh6 6.Nf3 Bg4 7.h3 Bxf3 8.Qxf3 Nf5 9.Be3
e6 10.Bf2 h4 11.a3 a5 12.Bd3 b5 13.O-O Qb6 14.Ne2 Nd7 15.a4 bxa4 16.c4 dxc4
17.Bxc4 Qb7 18.Nc3 Nb6 19.Bb5 Rc8 20.Rfc1 Qd7 21.Ne4 Nd5 22.Rxc6 Rxc6 23.Nf6+
Nxf6 24.Bxc6 Nd5 25.Bxd7+ Kxd7 26.Qd3 Bb4 27.Qb5+ Ke7 28.Rc1 Rd8 29.Qb7+ Rd7
30.Qb5 Rd8 31.Qxa4 Nxf4 32.Rc7+ Kf8 33.Kh2 Nd3 34.Bg1 Ng3 35.Qd1 Bd2 36.Qf3 Bf4